[Event "Nordic Youth CC 2020 - U15"]
[Site "Fredericia"]
[Date "2020.02.15"]
[Round "5.14"]
[White "Unneland, Mathias"]
[Black "Abdrlauf, Elham"]
[Result "0-1"]
[WhiteElo "2175"]
[BlackElo "2381"]
[PlyCount "60"]
[EventDate "2020.02.??"]
[EventType "swiss"]
[EventRounds "6"]
[EventCountry "DEN"]

1. e4 c6 2. Nf3 d5 3. Nc3 dxe4 4. Nxe4 Nf6 5. Qe2 Nxe4 6. Qxe4 Qa5
7. b4 Qf5 8. Qe3 Qe6 9. Be2 Qxe3 10. fxe3 Bf5 11. c4 e6 12. b5 cxb5 13. cxb5
Be7 14. Bb2 O-O 15. Rc1 Nd7 16. Rc7 Rfd8 17. Rxb7 Bd6 18. Bd4 e5 19. Bxa7 Be4
20. Rxd7 Rxd7 21. b6 Rdxa7 22. bxa7 Rxa7 23. O-O Rxa2 24. Bc4 Ra7 25. d3 Bg6
26. e4 Rc7 27. Nh4 Bxe4 28. Bxf7+ Rxf7 29. Rxf7 Bc5+ 30. Kh1 Bxg2+ 31. Kxg2
Kxf7 32. Kf3 Kf6 33. Ke4 Bd4 34. Nf3 Bc3 35. h3 g5 36. Nh2 h5 37. Ke3 Kf5 38.
Kf3 Bd2 39. Kf2 g4 40. hxg4+ hxg4 41. Kg2 Bf4 42. Nf1 Ke6 43. Kf2 Kd5 0-1

[Event "Nordic Youth CC 2020 - U15"]
[Site "Fredericia"]
[Date "2020.02.15"]
[Round "5.15"]
[White "Liu, Casper Yukun"]
[Black "Apol, Luitjen Akselsson"]
[Result "1/2-1/2"]
[WhiteElo "2123"]
[BlackElo "2039"]
[PlyCount "75"]
[EventDate "2020.02.??"]
[EventType "swiss"]
[EventRounds "6"]
[EventCountry "DEN"]

1. d4 Nf6 2. Bf4 g6 3. Nc3 d5 4. Qd2 Bg7 5. O-O-O O-O 6. f3 c5 7. dxc5 Qa5 8.
Kb1 Be6 9. Nxd5 Qxc5 10. Qb4 Qxd5 11. Rxd5 Nxd5 12. Qe4 Nxf4 13. Qxf4 Rd8 14.
Qc1 Bh6 15. e3 Bxe3 16. Qe1 Nc6 17. Bd3 Bh6 18. Ne2 Rac8 19. Qh4 Bg7 20. Re1
Ne5 21. Nf4 Nxd3 22. Nxe6 Bf6 23. Qe4 fxe6 24. Qxe6+ Kf8 25. cxd3 Rc6 26. Qe3
Rb6 27. Re2 Rd5 28. g4 Rdb5 29. d4 Rd5 30. f4 e6 31. Qa3+ Kf7 32. Qxa7 Bxd4 33.
Qb8 Rd7 34. Rc2 Bf6 35. Kc1 Rbd6 36. Kb1 Rd1+ 37. Rc1 R1d2 38. Rc2 1/2-1/2

[Event "Nordic Youth CC 2020 - U15"]
[Site "Fredericia"]
[Date "2020.02.15"]
[Round "5.16"]
[White "Briem, Benedikt"]
[Black "Veiergang, Oscar Jacob"]
[Result "1-0"]
[WhiteElo "1841"]
[BlackElo "1707"]
[PlyCount "73"]
[EventDate "2020.02.??"]
[EventType "swiss"]
[EventRounds "6"]
[EventCountry "DEN"]

1. d4 Nf6 2. Nc3 c5 3. d5 g6 4. e4 d6 5. g3 Bg7 6. Bg2 b6 7. Nge2 Ba6 8. a4
Nbd7 9. O-O O-O 10. Nb5 Ne5 11. Nec3 Bxb5 12. axb5 Qd7 13. Qe2 Qc8 14. f4 Ned7
15. e5 Ne8 16. e6 Ndf6 17. Bh3 Qb7 18. exf7+ Rxf7 19. Be6 Nc7 20. Bxf7+ Kxf7
21. Rd1 Re8 22. Ne4 Nfxd5 23. Qf3 Kf8 24. Ng5 Bd4+ 25. Kg2 Qa8 26. c4 Nf6 27.
Ra2 Qb8 28. Be3 Bxe3 29. Qxe3 h6 30. Nf3 Qa8 31. Qd3 Kg7 32. Kg1 Ne6 33. Nh4
Nf8 34. Rda1 Qc8 35. Rxa7 Qe6 36. Nf3 Rd8 37. Re1 1-0

[Event "Nordic Youth CC 2020 - U15"]
[Site "Fredericia"]
[Date "2020.02.15"]
[Round "5.17"]
[White "Vainikka, Toni"]
[Black "Thorisson, Benedikt"]
[Result "1-0"]
[WhiteElo "1923"]
[BlackElo "1653"]
[PlyCount "151"]
[EventDate "2020.02.??"]
[EventType "swiss"]
[EventRounds "6"]
[EventCountry "DEN"]

1. d4 Nf6 2. c4 e6 3. Nf3 b6 4. g3 Bb7 5. Bg2 d5 6. O-O Be7 7. Nc3 O-O 8. Qc2
Nbd7 9. Rd1 c5 10. dxc5 Nxc5 11. cxd5 exd5 12. Nd4 Rc8 13. Bh3 Ra8 14. Nf5 Re8
15. Bg5 h6 16. Nxe7+ Qxe7 17. Bxf6 Qxf6 18. Nxd5 Qe5 19. Nc3 Ne6 20. Qf5 Ng5
21. Bg4 h5 22. Qxe5 Rxe5 23. f4 Rc5 24. Bd7 Nh7 25. Bh3 Nf6 26. Bg2 Bxg2 27.
Kxg2 Kf8 28. h3 b5 29. Rd4 a5 30. a3 Ke7 31. Rad1 Rb8 32. e4 b4 33. axb4 axb4
34. Nd5+ Nxd5 35. Rxd5 Rc2+ 36. R1d2 b3 37. Kf3 g6 38. Ke3 Rb4 39. e5 Rc1 40.
Rd7+ Kf8 41. Rd1 Rc2 42. R7d2 Rc6 43. Rd8+ Kg7 44. R8d4 Rb5 45. R4d3 Rc2 46.
R1d2 Rc1 47. Kd4 Rb7 48. Rc3 Re1 49. Rdd3 Rh1 50. Rxb3 Rc7 51. h4 Rc2 52. Rb8
Rb1 53. b4 Rc7 54. b5 Rd7+ 55. Ke4 Re1+ 56. Re3 Rb1 57. Rc3 f6 58. e6 f5+ 59.
Kf3 Re7 60. Rc6 Rb3+ 61. Kg2 Rb2+ 62. Kh3 Kf6 63. b6 Rxe6 64. Rxe6+ Kxe6 65. b7
Kd7 66. Rg8 Rxb7 67. Rxg6 Rb5 68. Rh6 Ke7 69. Rxh5 Kf7 70. Rh6 Kg7 71. Ra6 Kh7
72. h5 Kg7 73. Kh4 Kh7 74. Kg5 Rc5 75. Ra7+ Kg8 76. Kg6 1-0

[Event "Nordic Youth CC 2020 - U15"]
[Site "Fredericia"]
[Date "2020.02.16"]
[Round "6.13"]
[White "Liu, Casper Yukun"]
[Black "Keso, Elias"]
[Result "1/2-1/2"]
[WhiteElo "2123"]
[BlackElo "2177"]
[PlyCount "122"]
[EventDate "2020.02.??"]
[EventType "swiss"]
[EventRounds "6"]
[EventCountry "DEN"]

1. e4 c5 2. Nc3 a6 3. Nge2 e6 4. g3 b5 5. Bg2 Bb7 6. d3 Nf6 7. O-O d5 8. exd5
Nxd5 9. Nxd5 Bxd5 10. Bxd5 Qxd5 11. Nc3 Qc6 12. a4 b4 13. Ne4 c4 14. Re1 cxd3
15. Qxd3 Be7 16. Bg5 f6 17. Bf4 O-O 18. Qb3 Kh8 19. Nd6 Nd7 20. Qxe6 Bxd6 21.
Bxd6 Rfc8 22. Bxb4 Ne5 23. Qxc6 Rxc6 24. Re2 Nf3+ 25. Kg2 Nd4 26. Rd2 Nxc2 27.
Rad1 h6 28. Bc3 Na3 29. Rd8+ Rxd8 30. Rxd8+ Kh7 31. Bxf6 gxf6 32. bxa3 Rc4 33.
f4 Rxa4 34. Rd3 Kg6 35. Kh3 Rc4 36. Kg4 Rc5 37. Rf3 Rf5 38. Kh3 Rh5+ 39. Kg2
Rc5 40. g4 h5 41. h3 h4 42. Rd3 Rc4 43. Kf3 Ra4 44. Rb3 Kh6 45. Rb6 Rxa3+ 46.
Ke4 Kg7 47. Kf5 Ra5+ 48. Ke6 Ra3 49. Rb7+ Kg6 50. f5+ Kg5 51. Rg7+ Kf4 52. Kxf6
Rxh3 53. g5 Rb3 54. Re7 Rb5 55. g6 Rxf5+ 56. Ke6 Rg5 57. g7 h3 58. Kf7 h2 59.
Re1 Kf3 60. g8=Q Rxg8 61. Kxg8 Kg2 1/2-1/2

[Event "Nordic Youth CC 2020 - U15"]
[Site "Fredericia"]
[Date "2020.02.16"]
[Round "6.14"]
[White "Abdrlauf, Elham"]
[Black "Wernberg, Hugo"]
[Result "1-0"]
[WhiteElo "2381"]
[BlackElo "2179"]
[PlyCount "73"]
[EventDate "2020.02.??"]
[EventType "swiss"]
[EventRounds "6"]
[EventCountry "DEN"]

1. e4 c5 2. Nf3 d6 3. d4 cxd4 4. Nxd4 Nf6 5. f3 e5 6. Nb3 Be7 7. Nc3 Be6 8. Be3
a6 9. Qd2 Nbd7 10. g4 O-O 11. h4 b5 12. h5 Nb6 13. g5 Nfd7 14. Nd5 Bxd5 15.
exd5 Nc4 16. Bxc4 bxc4 17. Na5 c3 18. Qxc3 Bxg5 19. Nc6 Qf6 20. O-O-O Bxe3+ 21.
Qxe3 a5 22. Rhg1 Nb8 23. Qg5 Qxg5+ 24. Rxg5 Nxc6 25. dxc6 f6 26. Rg2 Rfd8 27.
Rgd2 Rdc8 28. Rxd6 h6 29. c3 Kh7 30. Rg1 a4 31. Kc2 Ra5 32. Rd7 Rg8 33. c7 Rc5
34. b4 axb3+ 35. axb3 Kh8 36. b4 Rc4 37. Kb3 1-0

[Event "Nordic Youth CC 2020 - U15"]
[Site "Fredericia"]
[Date "2020.02.16"]
[Round "6.15"]
[White "Vainikka, Toni"]
[Black "Unneland, Mathias"]
[Result "0-1"]
[WhiteElo "1923"]
[BlackElo "2175"]
[PlyCount "108"]
[EventDate "2020.02.??"]
[EventType "swiss"]
[EventRounds "6"]
[EventCountry "DEN"]

1. d4 Nf6 2. c4 e6 3. Nf3 d5 4. Nc3 c6 5. Bg5 h6 6. Bh4 dxc4 7. e3 b5 8. Be2
Nbd7 9. a4 Qb6 10. O-O a6 11. axb5 cxb5 12. b3 cxb3 13. Bxb5 Rb8 14. Bc4 b2 15.
Rb1 Qc6 16. Qd3 Rb4 17. Nd2 Nb6 18. Bb3 a5 19. Na2 a4 20. Nxb4 Bxb4 21. Rxb2
axb3 22. Rxb3 Be7 23. Bxf6 Bxf6 24. Rc3 Qd7 25. Rfc1 Bd8 26. Ne4 O-O 27. Nc5
Qd6 28. f3 Bc7 29. g3 Bd8 30. Qc2 Be7 31. Rb1 f5 32. Nd3 Bb7 33. Kf2 Ba8 34.
Ne5 Bf6 35. Nc4 Nxc4 36. Rxc4 Qd5 37. Qe2 f4 38. gxf4 Bh4+ 39. Kg2 Qf5 40. Rf1
Bd5 41. Rc5 Be7 42. Rcc1 Qh5 43. h3 Bh4 44. Kh2 g5 45. e4 Ba8 46. fxg5 Bxg5 47.
Qg2 Kh8 48. Rc5 Qf7 49. Qg4 Bf4+ 50. Kh1 Rg8 51. Qh4 Qg6 52. Qg4 Qf6 53. Qh5
Qxd4 54. Ra5 Qd2 0-1

[Event "Nordic Youth CC 2020 - U15"]
[Site "Fredericia"]
[Date "2020.02.16"]
[Round "6.16"]
[White "Nielsen, Jon I Horni"]
[Black "Briem, Benedikt"]
[Result "1-0"]
[WhiteElo "1765"]
[BlackElo "1841"]
[PlyCount "83"]
[EventDate "2020.02.??"]
[EventType "swiss"]
[EventRounds "6"]
[EventCountry "DEN"]

1. e4 g6 2. d4 Bg7 3. Nf3 d6 4. c3 a6 5. Bd3 b5 6. O-O Nd7 7. Be3 c5 8. a4 c4
9. Bc2 Bb7 10. Nbd2 Ngf6 11. h3 O-O 12. Qe2 Qc7 13. Nh2 e5 14. d5 Nh5 15. g3
Nc5 16. Ng4 Rae8 17. axb5 axb5 18. Ra7 Re7 19. Nh6+ Kh8 20. Nf5 Nf4 21. Bxf4
gxf5 22. Be3 fxe4 23. Nxe4 Nxe4 24. Bxe4 f5 25. Bc2 Qc8 26. Bg5 Bf6 27. Bh6 Bg7
28. Bg5 Ref7 29. Rd1 Kg8 30. Qh5 Bxd5 31. Rxf7 Bxf7 32. Qh4 d5 33. Bf6 Qe6 34.
Bxg7 Kxg7 35. Qg5+ Bg6 36. h4 h5 37. Ra1 Qf6 38. Qe3 f4 39. Ra7+ Kh6 40. Qd2
Bxc2 41. Qxc2 fxg3 42. Qh7# 1-0

[Event "Nordic Youth CC 2020 - U15"]
[Site "Fredericia"]
[Date "2020.02.16"]
[Round "6.17"]
[White "Thorisson, Benedikt"]
[Black "Veiergang, Oscar Jacob"]
[Result "0-1"]
[WhiteElo "1653"]
[BlackElo "1707"]
[PlyCount "102"]
[EventDate "2020.02.??"]
[EventType "swiss"]
[EventRounds "6"]
[EventCountry "DEN"]

1. e4 g6 2. d4 Bg7 3. Nc3 d6 4. f4 Nd7 5. Nf3 a6 6. Bd3 c5 7. Be3 b5 8. e5 Bb7
9. Qe2 c4 10. Be4 Bxe4 11. Nxe4 d5 12. Nc5 Nxc5 13. dxc5 e6 14. O-O Ne7 15. Nd4
O-O 16. g4 Rc8 17. Kh1 Nc6 18. Nxc6 Rxc6 19. g5 Qa8 20. Rf3 Rd8 21. Bd4 Bf8 22.
Qf2 Qa7 23. Qh4 Be7 24. Rh3 h5 25. Rf1 Bxc5 26. Bxc5 Qxc5 27. c3 d4 28. Rd1 d3
29. Qg3 Rc7 30. Kg2 Rcd7 31. Qe3 Qxe3 32. Rxe3 a5 33. Re4 Rc8 34. a3 Kf8 35.
Kf2 Ke8 36. Ke3 Kd8 37. Kd2 Kc7 38. a4 Kb6 39. axb5 Kxb5 40. Ra1 Ra8 41. h4 a4
42. Ra2 a3 43. Rxa3 Rxa3 44. bxa3 Ra7 45. Rd4 Rxa3 46. Rd7 Ra2+ 47. Kd1 Rc2 48.
Rxf7 Rxc3 49. Re7 Ra3 50. Rxe6 c3 51. Re8 Ra1# 0-1